| 000 | 00477nam a2200205Ia 4500 | ||
|---|---|---|---|
| 005 | 20250425162032.0 | ||
| 008 | 250425s9999 xx 000 0 und d | ||
| 020 | _a002329745X | ||
| 041 | _aeng | ||
| 082 | _a551.48 | ||
| 100 | _aDINGMAN, S. LAWRENCE | ||
| 245 | 0 | _aPHYSICAL HYDROLOGY | |
| 250 | _aS.E. | ||
| 260 |
_aEstados Unidos _bPRENTICE HALL _c1994 |
||
| 260 | _aUPPER SADDLE RIVER | ||
| 300 | _a575 | ||
| 650 | _aHIDROLOGIA | ||
| 942 | _c01 | ||
| 010 | _a41509 | ||
| 999 |
_c221038 _d221038 |
||